VIVAT, CVAT and all that new forms of value-added tax for federal systems

Enregistré dans:
Détails bibliographiques
Auteur principal: Keen, Michael
Format: Livre
Langue:anglais
Publié: Washington International Monetary Fund 2000
Collection:IMF Working Paper WP/00/83
Sujets:
Tags: Ajouter un tag
Pas de tags, Soyez le premier à ajouter un tag!

MARC

LEADER 00000nam a2200000 4500
001 c124249
005 20221221083911.0
041 0 |a eng 
044 |a US 
245 1 0 |a VIVAT, CVAT and all that  |b new forms of value-added tax for federal systems  |c Michael Keen 
264 1 |a Washington  |b International Monetary Fund  |c 2000 
300 |a 19 s. 
490 1 |a IMF Working Paper  |v WP/00/83 
830 0 |a IMF Working Paper  |v WP/00/83 
610 2 0 |a dane z hodnoty pridanej 
610 2 0 |a systémy ekonomické 
610 2 0 |a systémy daňové 
610 2 0 |a federácia 
610 2 0 |a politika fiškálna 
610 2 0 |a hodnota pridaná 
610 2 0 |a hodnota pridaná ekonomická 
610 2 0 |a hodnota pridaná spracovaním 
610 2 0 |a sadzby daňové 
100 1 |a Keen, Michael